German States - Sudden Death - Statistics

General Stats
  • This quiz has been taken 334 times
  • The average score is 9 of 16
Answers on the Grid
Answers color-coded by a green-red scale on the quiz's grid according to % correct below.
Bavaria
Baden-Wurttemburg
Saxony
Lower Saxony
Saxony-Anhalt
Brandenburg
Berlin
Hamburg
Bremen
Mecklenburg-Vorpommern
Schleswig-Holstein
Hesse
North Rhine-Westphalia
Rhineland-Palatinate
Saarland
Thuringia
Upper Saxony
Frankfurt-Braunschweig
Munich
Oldenburg
Hanover
New Prussia
Limburg-Dortmund
Schaumburg-Rudolstadt
Lubeck-Dresigstadt
Anhalt
Tyrol
Burgenland
Schwegensburg
Nuremburg-Dresden
 
Answer Stats
Answer % Correct
Bavaria
77%
North Rhine-Westphalia
62%
Baden-Wurttemburg
61%
Schleswig-Holstein
60%
Saxony
59%
Berlin
58%
Hesse
57%
Lower Saxony
57%
Saxony-Anhalt
57%
Rhineland-Palatinate
55%
Thuringia
55%
Saarland
54%
Brandenburg
53%
Bremen
53%
Mecklenburg-Vorpommern
53%
Hamburg
51%
No matching quizzes found
Score Distribution
Percent of People with Each Score
Percentile by Number Answered
Your Score History
You have not taken this quiz